Famine and foreigners : (Record no. 102)

MARC details
000 -LEADER
fixed length control field 01138nam a22003137a 4500
001 - CONTROL NUMBER
control field 16328287
005 - DATE AND TIME OF LATEST TRANSACTION
control field 20230111062905.0
008 - FIXED-LENGTH DATA ELEMENTS--GENERAL INFORMATION
fixed length control field 230111b |||||||| |||| 00| 0 eng d
010 ## - LIBRARY OF CONGRESS CONTROL NUMBER
LC control number 2010281078
020 ## - INTERNATIONAL STANDARD BOOK NUMBER
International Standard Book Number 9780199644049 (pbk.)
040 ## - CATALOGING SOURCE
Original cataloging agency DLC
Transcribing agency KMU
042 ## - AUTHENTICATION CODE
Authentication code pcc
050 00 - LIBRARY OF CONGRESS CALL NUMBER
Classification number HC845.Z9
Item number G55 2010
100 1# - MAIN ENTRY--PERSONAL NAME
Personal name Gill, Peter,
Dates associated with a name 1944-
245 10 - TITLE STATEMENT
Title Famine and foreigners :
Remainder of title Ethiopia since Live Aid /
Statement of responsibility, etc. by Peter Gill.
260 ## - PUBLICATION, DISTRIBUTION, ETC.
Place of publication, distribution, etc. Oxford :
Name of publisher, distributor, etc. Oxford University Press,
Date of publication, distribution, etc. 2012.
300 ## - PHYSICAL DESCRIPTION
Extent 279 pages. :
Dimensions 22 cm.
500 ## - GENERAL NOTE
General note Originally published: 2010.
610 20 - SUBJECT ADDED ENTRY--CORPORATE NAME
Corporate name or jurisdiction name as entry element Live Aid (Fund raising enterprise)
650 #0 - SUBJECT ADDED ENTRY--TOPICAL TERM
Topical term or geographic name entry element Famines
Geographic subdivision Ethiopia
General subdivision History
Chronological subdivision 20th century.
650 #0 - SUBJECT ADDED ENTRY--TOPICAL TERM
Topical term or geographic name entry element Economic assistance
Geographic subdivision Ethiopia.
651 #0 - SUBJECT ADDED ENTRY--GEOGRAPHIC NAME
Geographic name Ethiopia
General subdivision Economic conditions
Chronological subdivision 1974-
651 #0 - SUBJECT ADDED ENTRY--GEOGRAPHIC NAME
Geographic name Ethiopia
General subdivision Social conditions
Chronological subdivision 1974-
651 #0 - SUBJECT ADDED ENTRY--GEOGRAPHIC NAME
Geographic name Ethiopia
General subdivision Politics and government
Chronological subdivision 1974-1991.
651 #0 - SUBJECT ADDED ENTRY--GEOGRAPHIC NAME
Geographic name Ethiopia
General subdivision Politics and government
Chronological subdivision 1991-
906 ## - LOCAL DATA ELEMENT F, LDF (RLIN)
a 7
b cbc
c copycat
d 2
e ncip
f 20
g y-gencatlg
942 ## - ADDED ENTRY ELEMENTS (KOHA)
Source of classification or shelving scheme Library of Congress Classification
Koha item type Non-Fiction
Suppress in OPAC No
Holdings
Withdrawn status Lost status Source of classification or shelving scheme Damaged status Not for loan Collection Home library Current library Shelving location Date acquired Source of acquisition Total Checkouts Full call number Barcode Date last seen Price effective from Koha item type
    Library of Congress Classification     Non-fiction Kapasa Makasa University Kapasa Makasa University Open Access 11.01.2023 Book Aid International   HC 845.Z9 Gil 2010 747754 11.01.2023 11.01.2023 Non-Fiction
    Library of Congress Classification     Non-fiction Kapasa Makasa University Kapasa Makasa University Open Access 11.01.2023 Book Aid International   HC 845.Z9 Gil 2010 747753 11.01.2023 11.01.2023 Non-Fiction